| 000 | 00513nam a2200181Ia 4500 | ||
|---|---|---|---|
| 005 | 20250326123638.0 | ||
| 008 | 250326s9999 xx 000 0 und d | ||
| 037 | _aTextbook | ||
| 040 |
_aFMSL _beng _cFMSL |
||
| 041 |
_aeng _2eng |
||
| 084 |
_aX:512 P2 _qFMSL |
||
| 100 |
_aDavies B J _9735702 |
||
| 245 | 0 |
_aManaging retail consumption _cDavies B J; Ward P |
|
| 260 |
_aUnited Kingdom _bUnited Kingdom, John Wiley _c2002 |
||
| 300 | _a358p | ||
| 942 |
_cTB _hX:512 P2 |
||
| 999 |
_c1270304 _d1270304 |
||